[Event "Elets-ch op"]
[Site "Elets"]
[Date "2007.10.24"]
[Round "3"]
[White "Bolgov, Anton"]
[Black "Nelyubov, Vladimir"]
[Result "1-0"]
[WhiteElo "1830"]
[BlackElo "2040"]
[PlyCount "137"]
[EventDate "2007.10.22"]
[EventType "swiss"]
[EventRounds "9"]
[EventCountry "RUS"]
[SourceTitle "EXT 2022"]
[Source "ChessBase"]
[SourceDate "2021.10.06"]
[SourceVersion "1"]
[SourceVersionDate "2021.10.06"]
[SourceQuality "1"]

1. e4 c5 2. Nf3 Nc6 3. d4 cxd4 4. Nxd4 Nf6 5. Nc3 e6 6. a3 d5 7. exd5 Nxd5 8. Nxd5 Qxd5 9. Be3 a6 10. c4 Qe4 11. Qd3 Qxd3 12. Bxd3 Ne5 13. Be2 Bd7 14. f4 Nc6 15. 0-0 Bc5 16. Rfd1 0-0-0 17. b4 Bxd4 18. Bxd4 Nxd4 19. Rxd4 Ba4 20. Rxd8+ Rxd8 21. Kf2 Rd2 22. Ke3 Rb2 23. Bf3 Kc7 24. Be2 Bc6 25. g3 g6 26. Rd1 f5 27. Rd2 Rb3+ 28. Rd3 Rb1 29. Rd1 Rb2 30. Rd2 Rb1 31. Kd4 Kd6 32. Kc3+ Ke7 33. Bd1 Be4 34. a4 Rc1+ 35. Kd4 Kd6 36. b5 axb5 37. cxb5 b6 38. Bb3 Bd5 39. Bc2 Ra1 40. Bd1 Rc1 41. Bc2 h6 42. h4 h5 43. Kc3 Kc5 44. Rd1 Rxd1 45. Bxd1 Bb7 46. Be2 Bd5 47. Bf1 Bf3 48. Bc4 Bd5 49. Bb3 Kd6 50. Bxd5 Kxd5 51. Kb4 e5 52. fxe5 Kxe5 53. a5 bxa5+ 54. Kxa5 f4 55. gxf4+ Kxf4 56. b6 Kg4 57. b7 Kxh4 58. b8Q g5 59. Qd8 Kg4 60. Qd7+ Kg3 61. Qd3+ Kg4 62. Qe4+ Kh3 63. Qh1+ Kg4 64. Kb4 h4 65. Kc3 h3 66. Kd3 Kg3 67. Ke3 h2 68. Qf3+ Kh4 69. Qg2 1-0

[Event "Lipetsk King's Gambit op-C"]
[Site "Lipetsk"]
[Date "2007.06.25"]
[Round "4"]
[White "Nelyubov, Vladimir"]
[Black "Geranichev, Mikhail"]
[Result "1-0"]
[WhiteElo "2052"]
[BlackElo "1647"]
[PlyCount "71"]
[EventDate "2007.06.22"]
[EventType "swiss"]
[EventRounds "9"]
[EventCountry "RUS"]
[SourceTitle "EXT 2022"]
[Source "ChessBase"]
[SourceDate "2021.10.06"]
[SourceVersion "1"]
[SourceVersionDate "2021.10.06"]
[SourceQuality "1"]

1. e4 Nc6 2. d4 d5 3. e5 Bf5 4. Nf3 e6 5. g3 Nge7 6. Bg2 Nb4 7. Na3 c6 8. 0-0 Ng6 9. Bd2 h5 10. h3 h4 11. g4 Be4 12. Ng5 Bxg2 13. Kxg2 Be7 14. Nf3 Na6 15. Nb1 Qb6 16. b3 0-0-0 17. a4 f5 18. a5 Qc7 19. g5 f4 20. Kh2 Rdf8 21. Rg1 Qd8 22. Rg4 Rf5 23. c3 Rh5 24. Qc2 Bxg5 25. b4 Nf8 26. Na3 Nh7 27. b5 Nb8 28. bxc6 bxc6 29. c4 Bh6 30. Rb1 Ng5 31. Nxg5 Rhxg5 32. Qb3 Qc7 33. cxd5 exd5 34. a6 Rxg4 35. hxg4 Rf7 36. Ba5 1-0